000
00294nam a2200109Ia 4500
008
220204s9999 xx 000 0 und d
082
_a
621.86(035)
_b
NAG
245
0
_a
Material handling handbook
260
_a
Secunderabad
_b
Associate (Data) Publishers
_c
1995
700
_a
Nagaraj, J
942
_c
BK
999
_c
40785
_d
40785